Statistics for where this famous match was held?

Click here to take the quiz!

General Stats

  • This quiz has been taken 9 times
  • The average score is 6 of 15

Answer Stats

matchyearstadium% Correct
Milan-LIverpool 3-3 (5-6 a.p.)2005Atatürk, Istanbul (TUR)
89%
England-West Germany 4-21966Wembley, London (GBR)
89%
Argentina-England 2-11986Azteca, Mexico City (MEX)
67%
Manchester United-Bayern München 2-11999Camp Nou, Barcelona (ESP)
67%
Italy-West Germany 4-31970Azteca, Mexico City (MEX)
56%
Sweden-Brazil 2-51958Råsundastadion, Solna (Stockholm, Sweden)
56%
Netherlands-Italy 0-0 (1-3 a.p.)2000Amsterdam ArenA, Amsterdam (NLD)
44%
Brazil-Uruguay 1-21950Mário Filho (Maracanã), Rio (BRA)
33%
Netherlands-West Germany 1-21974Olympiastadion, München (FRG)
22%
West Germany-Hungary 3-21954Wankdorfstadion, Bern (CHE)
22%
West Germany-France 3-3 (8-7 a.p.)1982Ramón Sánchez-Pizjuán, Sevilla (ESP)
11%
Italy-Brazil 3-21982Sarrià, Barcelona (ESP)
11%
Milan-Barcelona 4-01994Spyros Louīs, Athens (GRC)
11%
Argentina-England 2-2 (6-5 a.p.)1998Geoffroy Guichard, Saint-Étienne (FRA)
0%
Inter-Real Madrid 3-11964Praterstadion, Wien (AUT)
0%

Score Distribution

Percentile by Number Answered

Percent of People with Each Score

Your Score History

You have not taken this quiz